000 00377 a2200145 4500
005 20250506124854.0
020 _a0-13-710054-X
082 _a658.15 LEV
100 _aLEVY, H.
245 _aPrinciples of Financial Management.
260 _aLondon,
_bPrentice Hall,
_c1988.
300 _axxii, 616p.: ill.; figure, table
_bIndex
_c22cm
700 _aSARNAT, M.
942 _2ddc
_cBKS
999 _c2027
_d2027